[Event "Mistrzostwa Polski Juniorow do lat 16 - Chlopcy"]
[Site "Jastrzebia Gora"]
[Date "1899-12-30"]
[Round "5.4"]
[White "Malek, Jan"]
[Black "Skrzypinski, Jan"]
[Result "1-0"]
[WhiteTitle "m"]
[BlackTitle "I"]
[WhiteElo "2389"]
[BlackElo "1688"]

1. d4 Nf6 2. c4 g6 3. Nc3 Bg7 4. e4 d6 5. h3 O-O 6. Be3 e5 7. d5 Na6 8. g4 Nc5
9. f3 Ne8 10. h4 f5 11. exf5 gxf5 12. g5 Qe7 13. Qc2 e4 14. f4 Nd3+ 15. Bxd3 Bd4
16. Rh3 exd3 17. Qxd3 Bxe3 18. Rxe3 Qf7 19. Qe2 Ng7 20. Re7 Qxe7 21. Qxe7 Re8
22. Qxe8+ Nxe8 23. Kf2 a6 24. Nge2 Kf7 25. h5 Bd7 26. Nd4 c5 27. Ne6 b5 28. b3
b4 29. Ne2 Bxe6 30. dxe6+ Kxe6 31. Ng3 Nc7 32. Re1+ Kd7 33. Nxf5 Rf8 34. g6 hxg6
35. hxg6 Ne6 36. g7 Rg8 37. Kf3 a5 38. Rh1 Nd4+ 39. Nxd4 cxd4 40. Rg1 d5 41. cxd5
Kd6 42. Ke4 Kc5 43. f5 a4 44. f6 Re8+ 45. Kf4 1-0

[Event "Mistrzostwa Polski Juniorow do lat 16 - Chlopcy"]
[Site "Jastrzebia Gora"]
[Date "1899-12-30"]
[Round "5.5"]
[White "Fiszer, Bartosz"]
[Black "Dylong, Antoni"]
[Result "1-0"]
[WhiteTitle "CM"]
[BlackTitle "I+"]
[WhiteElo "2232"]
[BlackElo "2034"]

1. e4 e6 2. d4 d5 3. Nd2 Nf6 4. e5 Nfd7 5. f4 c5 6. c3 cxd4 7. cxd4 Nc6 8. Ndf3
f5 9. Ne2 Be7 10. Nc3 Nb6 11. Bd3 Bd7 12. Rg1 O-O 13. Qe2 Be8 14. g4 Bg6 15. Qg2
a5 16. Kd1 a4 17. h4 Bxh4 18. g5 Bh5 19. Ne2 Bxf3 20. Qxf3 Ne7 21. Rh1 Ng6 22.
Qh5 Nc4 23. Rxh4 Nxh4 24. Qxh4 g6 25. Bxc4 dxc4 26. Qh1 Qd7 27. a3 Qb5 28. Qf3
Rfd8 29. Kc2 c3 30. bxc3 Qb3+ 31. Kd2 Rac8 32. Qd3 Qd5 33. Rb1 Qg2 34. Rb4 Kg7
35. Rxa4 Rh8 36. Qb5 Rc7 37. Rc4 Re7 38. Qb6 h5 39. gxh6+ Rxh6 40. Rc7 Rxc7 41.
Qxc7+ Kf8 42. Qd8+ Kg7 43. Qf6+ Kh7 44. Qe7+ Kh8 45. Qg5 1-0

[Event "Mistrzostwa Polski Juniorow do lat 16 - Chlopcy"]
[Site "Jastrzebia Gora"]
[Date "1899-12-30"]
[Round "5.6"]
[White "Krawczyk, Flawian"]
[Black "Meers, Hubert"]
[Result "1/2-1/2"]
[WhiteTitle "CM"]
[BlackTitle "k"]
[WhiteElo "1988"]
[BlackElo "2150"]

1. e4 c5 2. Nf3 e6 3. d4 cxd4 4. Nxd4 a6 5. Bd3 Nc6 6. Nxc6 bxc6 7. O-O d5 8. c4
Nf6 9. cxd5 cxd5 10. exd5 Nxd5 11. Nc3 Nxc3 12. bxc3 Qc7 13. Be4 Rb8 14. Qd4 e5
15. Bc6+ Ke7 16. Bg5+ f6 17. Qc5+ Qd6 18. Qa7+ Ke6 19. Be3 Rb2 20. Bf3 Qd7 21.
Qa8 Bb7 22. Bxb7 Qxb7 23. Qe8+ Qe7 24. Qc8+ Qd7 25. Qxa6+ Qd6 26. Qc8+ Qd7 27.
Qa8 Qb7 28. Qe8+ Qe7 29. Qa4 Qd7 30. Qg4+ f5 31. Qh3 Qa4 32. f4 e4 33. Bd4 Rxa2
34. Rae1 Qc6 35. g4 Ra5 36. Rb1 Bc5 37. gxf5+ Kf7 38. Qh5+ g6 39. fxg6+ Qxg6+
40. Qxg6+ hxg6 1/2-1/2

[Event "Mistrzostwa Polski Juniorow do lat 16 - Chlopcy"]
[Site "Jastrzebia Gora"]
[Date "1899-12-30"]
[Round "5.7"]
[White "Zalega, Maciej"]
[Black "Jaskiewicz, Kacper"]
[Result "1/2-1/2"]
[WhiteTitle "I++"]
[BlackTitle "I+"]
[WhiteElo "2140"]
[BlackElo "2027"]

1. e4 c5 2. Nf3 Nc6 3. d4 cxd4 4. Nxd4 g6 5. c4 Nf6 6. Nc3 Nxd4 7. Qxd4 d6 8. Be3
Bg7 9. Be2 O-O 10. Qd2 Be6 11. Rc1 a5 12. O-O a4 13. Bd4 Qa5 14. Qe3 Rfc8 15.
Nd5 Nxd5 16. exd5 Bxd4 17. Qxd4 Bd7 18. h4 Qc5 19. Qd2 e5 20. dxe6 Bxe6 21. Rfd1
Ra6 22. Bf3 Rb6 23. Bd5 Re8 24. a3 Qc8 25. h5 Ra6 26. h6 Re7 27. Re1 Qf8 28. Qg5
Ra8 29. Qf6 Rae8 30. Qf4 Rd7 31. Rcd1 1/2-1/2

[Event "Mistrzostwa Polski Juniorow do lat 16 - Chlopcy"]
[Site "Jastrzebia Gora"]
[Date "1899-12-30"]
[Round "5.8"]
[White "Rog, Bartlomiej"]
[Black "Malinowski, Szymon"]
[Result "1/2-1/2"]
[WhiteTitle "k"]
[BlackTitle "I++"]
[WhiteElo "2127"]
[BlackElo "1946"]

1. e4 c6 2. d4 d5 3. f3 dxe4 4. fxe4 e5 5. Nf3 exd4 6. Bc4 Bg4 7. Bxf7+ Kxf7 8.
Ne5+ Ke8 9. Nxg4 Qh4+ 10. g3 Qh3 11. Nf2 Qg2 12. Qh5+ Kd8 13. Qf7 Nf6 14. Bg5
Nbd7 15. Nd2 Be7 16. Rf1 Rf8 17. Qxg7 Rg8 18. Qh6 Rg6 19. Qh3 Qxh3 20. Nxh3 Ng4
21. Bf4 Nxh2 22. Rh1 Ng4 23. O-O-O c5 24. Nf3 h6 25. c3 dxc3 26. bxc3 Ke8 27.
Rd2 b5 28. Nf2 Nxf2 29. Rxf2 Bf8 30. Nh4 Re6 31. Nf5 Nf6 32. e5 Nd5 33. Bxh6 Bxh6+
34. Nxh6 Kd7 35. Ng4 Nxc3 36. Rh7+ Kc6 37. Rf6 Ne2+ 38. Kb2 Nd4 39. Re7 Kd5 40.
Rd7+ Kc6 41. Rg7 a5 42. Ne3 Rae8 43. Rgg6 c4 1/2-1/2

[Event "Mistrzostwa Polski Juniorow do lat 16 - Chlopcy"]
[Site "Jastrzebia Gora"]
[Date "1899-12-30"]
[Round "5.9"]
[White "Kubik, Rafal"]
[Black "Madej, Marek"]
[Result "0-1"]
[WhiteTitle "I++"]
[BlackTitle "I++"]
[WhiteElo "1995"]
[BlackElo "2052"]

1. e4 c6 2. d4 d5 3. Nc3 dxe4 4. Nxe4 Nf6 5. Nxf6+ exf6 6. Be3 Bd6 7. Bd3 Na6 8.
a3 Nc7 9. Ne2 O-O 10. O-O f5 11. c4 g6 12. Qd2 Ne6 13. f4 Nc7 14. Nc3 Be6 15.
b3 Be7 16. Be2 Bf6 17. Rac1 Qd6 18. b4 Rfd8 19. Rfd1 Qf8 20. Na4 Qd6 21. Nc3 Qf8
22. Na4 b5 23. cxb5 Nxb5 24. Bxb5 cxb5 25. Nc5 Bc4 26. a4 a6 27. axb5 axb5 28.
Ra1 Rxa1 29. Rxa1 Qg7 30. Rd1 h6 31. Qf2 Rd5 32. h4 Kh7 33. Kh2 Qh8 34. g3 Qa8
35. Qf3 Qa3 36. Qf2 Qxb4 37. Nd3 Bxd3 38. Rxd3 Qc4 39. Qd2 b4 40. Qd1 Ra5 41.
Qb3 Ra2+ 42. Kg1 Qxb3 43. Rxb3 Ra3 0-1

[Event "Mistrzostwa Polski Juniorow do lat 16 - Chlopcy"]
[Site "Jastrzebia Gora"]
[Date "1899-12-30"]
[Round "5.10"]
[White "Musial, Igor"]
[Black "Paszkowski, Krystian"]
[Result "1-0"]
[WhiteTitle "I"]
[BlackTitle "I++"]
[WhiteElo "1825"]
[BlackElo "1992"]

1. e4 c5 2. Nf3 Nc6 3. d4 cxd4 4. Nxd4 e5 5. Nb5 d6 6. N1c3 a6 7. Na3 Be6 8. Nc4
Rb8 9. Nd5 Bxd5 10. exd5 Nce7 11. Be2 g6 12. Ne3 Bg7 13. O-O Nf6 14. b4 O-O 15.
c4 Nd7 16. Ba3 b5 17. c5 f5 18. Rc1 Nf6 19. Qb3 Kh8 20. Rfd1 h5 21. Bb2 h4 22.
h3 Ne4 23. Nf1 Kh7 24. Nh2 Rc8 25. Ba3 Bh6 26. Rc2 Bf4 27. Bf3 Nf6 28. Bc1 Bxc1
29. Rcxc1 e4 30. Be2 Qd7 31. c6 Qa7 32. a4 e3 33. Qxe3 Qxe3 34. fxe3 Nexd5 35.
axb5 axb5 36. Bxb5 Rc7 37. Nf3 Rb8 38. Ba6 Nxb4 39. Bb7 Ne4 40. Nd4 Nc5 41. Nb5
Re7 42. c7 Rxc7 43. Nxc7 Rxb7 44. Ne8 Re7 45. Nxd6 Nbd3 46. Rc4 Rxe3 47. Rxh4+
Kg7 48. Rd4 Ne5 49. Rf1 Ne6 50. Ra4 f4 51. Nc4 Nxc4 52. Rxc4 Kh6 53. Kf2 Rb3 54.
Re1 Rb6 55. Rec1 Kg5 56. Rc6 Rb2+ 57. R1c2 Rxc2+ 58. Rxc2 Kf5 59. Rc4 g5 60. Kf3
Ng7 61. Rc5+ Kf6 62. Kg4 Ne6 63. Rc6 Ke5 64. Rxe6+ Kxe6 65. Kxg5 1-0

[Event "Mistrzostwa Polski Juniorow do lat 16 - Chlopcy"]
[Site "Jastrzebia Gora"]
[Date "1899-12-30"]
[Round "5.11"]
[White "Raczek, Krzysztof"]
[Black "Ptaszynski, Szymon"]
[Result "1-0"]
[WhiteTitle "k"]
[BlackTitle "I"]
[WhiteElo "2186"]
[BlackElo "1764"]

1. e4 e5 2. Nf3 Nf6 3. d4 Nxe4 4. Bd3 d5 5. Nxe5 Nd7 6. Nc3 Nxe5 7. dxe5 Bb4 8.
O-O Nxc3 9. bxc3 Bc5 10. Kh1 O-O 11. f4 f5 12. Qf3 Be6 13. Be3 Bxe3 14. Qxe3 c6
15. a4 Qe7 16. a5 g6 17. Rfb1 Qc7 18. Be2 b5 19. axb6 axb6 20. h3 Rxa1 21. Rxa1
Qb7 22. Bf3 Rd8 23. Qd4 Rc8 24. Qa4 b5 25. Qa7 Rc7 26. Qc5 Qc8 27. Kh2 Kf7 28.
Kg3 Qf8 29. Qb6 Qc8 30. Ra6 Qd7 31. Ra8 Qe7 32. Kf2 Bc8 33. g3 Ke6 34. Ke3 Kf7
35. Kd4 Bb7 36. Ra7 Qd7 37. Qc5 Kg7 38. Qd6 c5+ 39. Kd3 Qxd6 40. exd6 Rd7 41.
Bxd5 Bc8 42. Rc7 Rxc7 43. dxc7 Kf6 44. Bc6 Ke7 45. Bxb5 Kd6 46. Bc4 Kxc7 47. Bg8
h6 48. Bf7 g5 49. Kc4 gxf4 50. gxf4 Kd6 51. Kb5 Bb7 52. Bc4 Bg2 53. h4 Be4 54.
Bb3 Bc6+ 55. Kb6 Be4 56. c4 Bf3 57. Ba4 Be4 58. c3 Bd3 59. Bb5 Be4 60. Ba6 Bd3
61. Kb7 Be2 62. Bb5 Bf3+ 63. Kc8 Be2 64. Kd8 Bd3 65. Ba6 Be2 66. Bc8 Bxc4 67.
Bxf5 Bf7 68. Bc2 c4 69. Be4 Ke6 70. Kc7 Kf6 71. Kd6 Be8 72. Kc5 Bf7 73. Kd4 Be6
74. Bd5 Bd7 75. Bxc4 Kf5 76. Ke3 Kg4 77. Be2+ Kxh4 78. Ke4 Kg3 79. f5 Kh4 80.
Kf4 Kh3 81. f6 Be8 82. Bc4 1-0

[Event "Mistrzostwa Polski Juniorow do lat 16 - Chlopcy"]
[Site "Jastrzebia Gora"]
[Date "1899-12-30"]
[Round "5.13"]
[White "Gbiorczyk, Mikolaj"]
[Black "Klim, Filip"]
[Result "0-1"]
[WhiteTitle "I+"]
[BlackTitle "k"]
[WhiteElo "1853"]
[BlackElo "2083"]

1. d4 d5 2. c4 e6 3. Nc3 Nf6 4. cxd5 exd5 5. Bg5 c6 6. e3 Bd6 7. Bd3 O-O 8. Qc2
h6 9. Bh4 Be6 10. Nge2 Re8 11. O-O-O a5 12. g4 Na6 13. Qd2 Bxg4 14. Rhg1 Bf3 15.
e4 dxe4 16. Rxg7+ Kxg7 17. Rg1+ Kh7 18. Qe3 exd3 19. Qxf3 Be7 20. Ne4 Rg8 21.
Qf5+ Rg6 22. Nf4 Qc8 23. Nxf6+ Bxf6 24. Qxd3 Nb4 25. Qb1 Bg5 26. Bxg5 hxg5 27.
Rxg5 Qe8 28. Re5 Qd7 29. Nxg6 fxg6 30. Qe4 Nd5 31. h4 Qf7 32. Kb1 Kg7 33. h5 Rh8
34. Qg2 Rh6 35. a3 Kh7 36. Qe4 Kg7 37. Qg4 Nf6 38. Qe2 Nd5 39. Rg5 Kh7 40. hxg6+
Rxg6 41. Qh5+ Kg7 42. Rf5 Rg1+ 43. Kc2 Ne3+ 44. fxe3 Qc4+ 45. Kd2 Rg2+ 46. Kd1
Qc2+ 47. Ke1 Qc1+ 48. Qd1 Qxe3+ 49. Kf1 Qg1# 0-1

[Event "Mistrzostwa Polski Juniorow do lat 16 - Chlopcy"]
[Site "Jastrzebia Gora"]
[Date "1899-12-30"]
[Round "5.14"]
[White "Nowak, Filip"]
[Black "Kutowski, Marcel"]
[Result "1/2-1/2"]
[WhiteTitle "I"]
[BlackTitle "I++"]
[WhiteElo "1893"]
[BlackElo "2070"]

1. e4 c6 2. d4 d5 3. e5 Bf5 4. h4 h5 5. Bd3 Bxd3 6. Qxd3 Qa5+ 7. Nd2 Qa6 8. c4
e6 9. Ngf3 Nd7 10. O-O Nh6 11. Qc2 dxc4 12. Nxc4 Nf5 13. Bg5 Nb6 14. b3 Nd5 15.
Ne3 Nfe7 16. a3 O-O-O 17. Nc4 f6 18. Nd6+ Rxd6 19. exd6 Nf5 20. Bd2 Bxd6 21. Rfe1
Kd7 22. g3 Qb6 23. Re4 Qc7 24. Rxe6 Kxe6 25. Re1+ Kd7 26. Qxf5+ Kd8 27. Qg6 Qd7
28. Kg2 Kc8 29. b4 a6 30. Re4 Kb8 31. g4 hxg4 32. Rxg4 Ne7 33. Qxg7 Rg8 34. Qxg8+
Nxg8 35. Rxg8+ Kc7 36. Be3 Qf7 37. Rg4 Qd5 38. Bf4 Bxf4 39. Rxf4 Qg8+ 40. Kh3
Qg6 41. Rg4 Qh6 42. Kg2 Kd6 43. Kg3 Ke6 44. Rg8 Qh7 45. Rg4 Qc7+ 46. Kh3 Qh7 47.
Kg3 Qh5 48. Rg7 b5 49. Rg4 Kd5 50. Nd2 Qh7 51. Ne4 Qe7 52. Nc5 Qf7 53. Nxa6 Qa7
54. Nc5 Qxa3+ 55. f3 Qxb4 56. h5 Qe1+ 57. Kf4 Kxd4 58. Ne4 Qe3+ 59. Kg3 f5 60.
Nd6+ Ke5 61. Rg6 Qe1+ 62. Kg2 Qh4 63. h6 b4 64. Nf7+ Kf4 65. Ng5 b3 66. Nh3+ Ke5
67. Rxc6 b2 68. Rb6 f4 69. Nxf4 Qxf4 70. Rxb2 Qxh6 71. Re2+ Kf5 72. Re4 Qd2+ 73.
Kf1 Qh2 74. Rg4 Qh3+ 75. Kf2 Qxg4 76. fxg4+ Kxg4 1/2-1/2

[Event "Mistrzostwa Polski Juniorow do lat 16 - Chlopcy"]
[Site "Jastrzebia Gora"]
[Date "1899-12-30"]
[Round "5.15"]
[White "Kejna, Piotr"]
[Black "Ugorek, Kacper"]
[Result "1-0"]
[WhiteTitle "CM"]
[BlackTitle "I"]
[WhiteElo "2027"]
[BlackElo "1650"]

1. e4 Nf6 2. e5 Nd5 3. d4 d6 4. Nf3 g6 5. c3 Bg7 6. exd6 cxd6 7. Bd3 O-O 8. O-O
Nc6 9. Re1 e5 10. Be4 Nb6 11. Bxc6 bxc6 12. dxe5 dxe5 13. Qe2 Re8 14. Be3 f6 15.
Rd1 Qc7 16. Nbd2 Be6 17. Ne4 Rad8 18. Qa6 Nc4 19. Bc5 Bd5 20. Nfd2 Nxd2 21. Nxd2
Bf8 22. Bxf8 Kxf8 23. c4 Be6 24. Ne4 Kg7 25. c5 Rxd1+ 26. Rxd1 Bd5 27. Nxf6 Rd8
28. Nxd5 cxd5 29. b4 Qe7 30. c6 d4 31. Qc4 Qf7 32. Qb5 Qc7 33. Qc5 d3 34. b5 d2
35. Kf1 Kf6 36. Ke2 Qa5 37. c7 Rc8 38. Qd6+ Kg5 39. Qxe5+ Kh6 40. Qf4+ Kg7 41.
Qd4+ Kg8 42. Qd5+ Kf8 43. Qd6+ Kg7 44. Qd7+ Kh6 45. Qxc8 Qxb5+ 46. Kxd2 Qb4+ 47.
Ke2 Qg4+ 48. Qxg4 1-0

[Event "Mistrzostwa Polski Juniorow do lat 16 - Chlopcy"]
[Site "Jastrzebia Gora"]
[Date "1899-12-30"]
[Round "5.16"]
[White "Trzebinski, Patryk"]
[Black "Brozynski, Patryk"]
[Result "1/2-1/2"]
[WhiteTitle "I++"]
[BlackTitle "II+"]
[WhiteElo "1826"]
[BlackElo "1910"]

1. e4 c5 2. Nf3 e6 3. d4 cxd4 4. Nxd4 Nc6 5. Nb5 d6 6. N1c3 a6 7. Nd4 Be7 8. Be3
Nf6 9. f3 Qc7 10. Qd2 b5 11. Nxc6 Qxc6 12. O-O-O Bb7 13. g4 Nd7 14. h4 Rc8 15.
a3 Ne5 16. Qg2 Nc4 17. Bxc4 Qxc4 18. Rd4 Qc7 19. g5 d5 20. exd5 Bxa3 21. Rd3 Qa5
22. Nb1 Bc5 23. Bxc5 Rxc5 24. dxe6 fxe6 25. Qg4 Rf5 26. Qh5+ Ke7 27. Rhd1 Qc7
28. Qg4 Rc8 29. Rd7+ Qxd7 30. Rxd7+ Kxd7 31. Qd4+ Ke8 32. Qxg7 Bxf3 33. Qg8+ Kd7
34. Qxh7+ Kd6 35. Qa7 Rc4 36. Qxa6+ Bc6 37. Qa3+ Kd7 38. Qa7+ Kc8 39. Qa6+ Kd7
40. Qa7+ Kc8 41. Qb6 Bd7 42. Qa6+ Kb8 43. Qd6+ Kc8 44. Qa6+ 1/2-1/2

[Event "Mistrzostwa Polski Juniorow do lat 16 - Chlopcy"]
[Site "Jastrzebia Gora"]
[Date "1899-12-30"]
[Round "5.17"]
[White "Stepinski, Piotr"]
[Black "Pancewicz, Szymon"]
[Result "0-1"]
[WhiteTitle "I"]
[BlackTitle "I+"]
[WhiteElo "1759"]
[BlackElo "1909"]

1. e4 c5 2. Nf3 e6 3. b3 Nc6 4. Bb2 b6 5. Nc3 Bb7 6. Qe2 d6 7. O-O-O Nf6 8. d4
cxd4 9. Nxd4 Nxd4 10. Rxd4 Nd7 11. f3 a6 12. Kb1 Be7 13. Rd1 O-O 14. g4 Qc7 15.
h4 Bf6 16. Na4 Bxb2 17. Nxb2 d5 18. exd5 Bxd5 19. c4 Bc6 20. Qe3 Qe5 21. Re1 Bxf3
22. Qxe5 Nxe5 23. Rh3 f6 24. g5 Bg4 25. Rg3 Bf5+ 26. Kc1 Kf7 27. Bd3 Nxd3+ 28.
Nxd3 Rad8 29. Nb4 a5 30. Nc2 Bxc2 31. Kxc2 e5 32. h5 Ke6 33. Rge3 h6 34. gxh6
gxh6 35. a3 Rg8 36. b4 axb4 37. axb4 Rg4 38. Kb3 Rdd4 39. Rc3 b5 40. cxb5 Rxb4+
41. Kc2 Rxb5 42. Rc6+ Kf5 43. Rf1+ Rf4 44. Rg1 Rbb4 45. Rg6 Rbc4+ 46. Rxc4 Rxc4+
47. Kd3 Rh4 48. Rxh6 Rh3+ 49. Ke2 e4 50. Kf2 Rf3+ 51. Kg2 Kg5 52. Rh8 f5 53. Rh7
Rf4 54. Kg3 Rg4+ 55. Kf2 Rh4 56. Rg7+ Kf4 57. Rh7 Kg5 58. Rg7+ Kxh5 59. Ke3 Rh3+
60. Kf2 Rf3+ 61. Ke2 Kh4 62. Rg8 Rg3 63. Rh8+ Kg4 64. Kf2 Rf3+ 65. Ke2 Kf4 66.
Rh4+ Ke5 67. Rh8 Ra3 68. Rh4 Ra2+ 69. Ke1 e3 70. Rb4 f4 71. Rb8 Ke4 72. Rh8 Ra1+
73. Ke2 f3# 0-1

[Event "Mistrzostwa Polski Juniorow do lat 16 - Chlopcy"]
[Site "Jastrzebia Gora"]
[Date "1899-12-30"]
[Round "5.18"]
[White "Marek, Grzegorz"]
[Black "Borowik, Wojciech"]
[Result "1/2-1/2"]
[WhiteTitle "I"]
[BlackTitle "I++"]
[WhiteElo "1657"]
[BlackElo "1890"]

1. e4 c5 2. Nf3 d6 3. d4 cxd4 4. Nxd4 Nf6 5. Nc3 a6 6. Bc4 e6 7. Bb3 b5 8. O-O
Be7 9. Qf3 Qc7 10. Qg3 b4 11. Nce2 g6 12. f3 e5 13. Ba4+ Bd7 14. Bxd7+ Nbxd7 15.
Nb3 Qxc2 16. Qf2 O-O 17. Bh6 Rfc8 18. Rab1 a5 19. Rfd1 a4 20. Nd2 d5 21. exd5
Nxd5 22. Ne4 Nc5 23. Rbc1 Nxe4 24. Rxc2 Nxf2 25. Rxc8+ Rxc8 26. Rxd5 Bc5 27. Rxc5
Nh3+ 28. gxh3 Rxc5 29. Kf2 Rc2 30. Bc1 f5 31. Ke1 Kf7 32. Kd1 Rc4 33. b3 axb3
34. axb3 Rh4 35. Ng1 Ke6 36. Be3 Kd5 37. Bf2 Rf4 38. Be3 Rh4 39. Bf2 Rh5 40. Be1
e4 41. fxe4+ Kxe4 42. Ke2 f4 43. Bxb4 Rb5 44. Bd2 Rxb3 45. h4 h6 46. Kf2 g5 47.
hxg5 hxg5 48. h3 Ra3 49. Ke2 Rg3 50. Kf2 Kf5 51. h4 gxh4 52. Bxf4 Ra3 53. Ne2
Kg4 54. Bh2 Ra2 55. Bd6 Kf5 56. Kf3 h3 57. Bg3 Ra3+ 58. Kf2 Ke4 59. Ng1 Ra2+ 60.
Kf1 h2 61. Bxh2 Rxh2 62. Ke1 Ke3 63. Kf1 Ra2 64. Nh3 Ra1+ 65. Kg2 Ra8 66. Kg3
Rg8+ 67. Kh4 Ke4 68. Ng5+ Kf4 69. Nh3+ Kf5 70. Nf2 Rg7 71. Nh3 Rg2 72. Kh5 Rg4
73. Nf2 Rg3 74. Kh4 Ra3 75. Nh3 Rb3 76. Nf2 Rb2 77. Kg3 Rb3+ 78. Kh4 Rb1 79. Kg3
Rb4 80. Kf3 Rb3+ 81. Ke2 Ke5 82. Nd3+ Kd4 83. Nf2 Rb2+ 1/2-1/2

[Event "Mistrzostwa Polski Juniorow do lat 16 - Chlopcy"]
[Site "Jastrzebia Gora"]
[Date "1899-12-30"]
[Round "5.19"]
[White "Stanislawski, Karol"]
[Black "Lonski, Aleksander"]
[Result "1/2-1/2"]
[WhiteTitle "I"]
[BlackTitle "I"]
[WhiteElo "1844"]
[BlackElo "1707"]

1. d4 d5 2. Nf3 Nf6 3. g3 e6 4. Bg2 Be7 5. O-O O-O 6. c4 c6 7. Qc2 b6 8. Nbd2 Ba6
9. Ne5 Nfd7 10. Nd3 Nf6 11. Rd1 Nbd7 12. e4 dxe4 13. Nxe4 Nxe4 14. Bxe4 Qc7 15.
Bf4 Bd6 16. Bxh7+ Kh8 17. Be4 Nf6 18. Bg2 Bxf4 19. Nxf4 Rad8 20. b3 Bb7 21. Qe2
c5 22. dxc5 bxc5 23. Nh5 Bxg2 24. Nxf6 gxf6 25. Kxg2 Kg7 26. Qg4+ Kh6 27. Qf3
Kg7 28. h4 a5 29. Rab1 Rxd1 30. Rxd1 Rd8 31. Qg4+ Kh6 32. Kh2 Rxd1 33. Qxd1 Kg6
34. Qd3+ Kg7 35. Qd2 Kg6 36. a3 Qb6 37. Qc3 Qa7 38. Qd3+ Kg7 39. Qd6 Qb7 40. Qxc5
Qxb3 41. Qxa5 Qxc4 42. a4 e5 43. Qa7 Qa2 44. Kg1 Qa1+ 45. Kg2 Qa2 46. Qa8 f5 47.
Qa5 Qe2 48. Qb5 Qe4+ 49. Kg1 f4 50. Qb3 Qe1+ 51. Kg2 Qe4+ 52. Kg1 Qe1+ 1/2-1/2

[Event "Mistrzostwa Polski Juniorow do lat 16 - Chlopcy"]
[Site "Jastrzebia Gora"]
[Date "1899-12-30"]
[Round "5.20"]
[White "Wierzbicki, Dawid"]
[Black "Rozek, Michal"]
[Result "1-0"]
[WhiteTitle "I"]
[BlackTitle "I"]
[WhiteElo "1766"]
[BlackElo "1591"]

1. c4 g6 2. e3 Bg7 3. Nf3 Nf6 4. d4 d6 5. Bd3 O-O 6. Nbd2 Nbd7 7. O-O e5 8. Qc2
Re8 9. b4 exd4 10. exd4 c5 11. a3 a5 12. Rb1 cxd4 13. Bb2 Ne5 14. Nxd4 Nxd3 15.
Qxd3 d5 16. c5 Nh5 17. f4 Qh4 18. Qf3 axb4 19. axb4 Ra2 20. g3 Qe7 21. N2b3 Qe3+
22. Qxe3 Rxe3 23. Rf2 Rd3 24. Re1 Kf8 25. Rfe2 Bf6 26. Ba1 Rxe2 27. Rxe2 Rd1+
28. Kg2 Rxa1 29. Nxa1 Bxd4 30. Nb3 Bc3 31. b5 Bd7 32. c6 bxc6 33. b6 Bc8 34. Ra2
Ke7 35. Ra8 Kd7 36. Nc5+ Kd6 37. Rxc8 Kxc5 38. b7 1-0

[Event "Mistrzostwa Polski Juniorow do lat 16 - Chlopcy"]
[Site "Jastrzebia Gora"]
[Date "1899-12-30"]
[Round "5.21"]
[White "Kazmierowski, Tymon"]
[Black "Szymkiewicz, Witold"]
[Result "1-0"]
[WhiteTitle "I++"]
[BlackTitle "I+"]
[WhiteElo "1998"]
[BlackElo "1754"]

1. e4 g6 2. d4 Bg7 3. Nc3 d6 4. f3 Nf6 5. Be3 O-O 6. Qd2 a6 7. h4 e5 8. d5 b5 9.
Bh6 b4 10. Nce2 a5 11. h5 Qe7 12. g4 Na6 13. Ng3 Bb7 14. Nf5 Qd8 15. Nxg7 Nc5
16. hxg6 fxg6 17. Ne6 Nxe6 18. dxe6 Re8 19. Bc4 1-0

[Event "Mistrzostwa Polski Juniorow do lat 16 - Chlopcy"]
[Site "Jastrzebia Gora"]
[Date "1899-12-30"]
[Round "5.22"]
[White "Kusiak, Mateusz"]
[Black "Sliz, Karol"]
[Result "1-0"]
[WhiteTitle "I++"]
[BlackTitle "I"]
[WhiteElo "1909"]
[BlackElo "1672"]

1. e4 c6 2. d4 d5 3. e5 Bf5 4. h4 h6 5. g4 Bd7 6. Nc3 e6 7. Be3 c5 8. dxc5 Qc7
9. Nb5 Bxb5 10. Bxb5+ Nc6 11. Bxc6+ Qxc6 12. Qd4 h5 13. f3 Ne7 14. Ne2 Qc7 15.
Qa4+ Qc6 16. Qb3 Ng6 17. Nd4 Qd7 18. Nb5 Nxe5 19. O-O-O a6 20. Nc3 O-O-O 21. Bf4
Qc7 22. Kb1 Bxc5 23. Na4 Bd6 24. Bg5 Rde8 25. gxh5 b5 26. Nc3 Qc4 27. f4 Qxb3
28. axb3 Ng4 29. Rhg1 Ne3 30. Rd3 Nf5 31. h6 g6 32. h5 Reg8 33. Rh1 Nxh6 34. Ne4
Nf5 35. Nf6 Rf8 36. h6 Be7 37. Rc3+ Kb7 38. h7 Rc8 39. Rd3 Bf8 40. Nd7 Bg7 41.
Ne5 f6 42. Nxg6 fxg5 43. Nxh8 Bxh8 44. fxg5 Rc7 45. Re1 Rxh7 46. Rxe6 Rh1+ 47.
Ka2 Nd4 48. Re7+ Kb6 49. c3 Nc6 50. Re6 d4 51. Rh6 Rxh6 52. gxh6 Ne7 53. h7 Nd5
54. Rxd4 Kc6 55. Rg4 Nf6 56. Rg8 Nxh7 57. Rxh8 Ng5 58. Kb1 Ne4 59. b4 Nd2+ 60.
Kc2 Nc4 61. Rh6+ Kb7 62. Re6 Ka7 63. b3 Nb6 64. Re7+ Kb8 65. Kd3 Nd5 66. Rh7 Nf4+
67. Ke3 Ne6 68. Re7 Nc7 69. Kd4 Kb7 70. Kc5 Kb8 71. Kc6 Na8 72. Re8+ Ka7 73. Rxa8+
Kxa8 74. Kb6 Kb8 75. Kxa6 1-0

[Event "Mistrzostwa Polski Juniorow do lat 16 - Chlopcy"]
[Site "Jastrzebia Gora"]
[Date "1899-12-30"]
[Round "5.23"]
[White "Przybylski, Bartosz"]
[Black "Wandor, Adam"]
[Result "1/2-1/2"]
[WhiteTitle "I"]
[BlackTitle "II+"]
[WhiteElo "1868"]
[BlackElo "1641"]

1. e4 c5 2. Nc3 Nc6 3. Bb5 Nf6 4. Bxc6 dxc6 5. d3 Bg4 6. f3 Bh5 7. Be3 e5 8. Qd2
Qc7 9. Nge2 Bd6 10. h3 b6 11. O-O O-O-O 12. Ng3 Bg6 13. f4 exf4 14. Bxf4 c4 15.
Rad1 Rhe8 16. Bxd6 Qxd6 17. Qe3 Nd5 18. Qf3 Nxc3 19. bxc3 cxd3 20. cxd3 Qe6 21.
h4 f6 22. h5 Bf7 23. Nf5 Bxh5 24. Qxh5 g6 25. Qxh7 gxf5 26. Qxf5 Qxf5 27. Rxf5
Rxe4 28. Rxf6 Re2 29. Rf2 Re3 30. Rfd2 Rg8 31. c4 a5 32. a4 Rg4 33. Rb1 Kc7 34.
Kf2 Reg3 35. Kg1 Rd4 36. Rbd1 Kd6 37. Kh2 Rg5 38. Rb1 Rh4+ 39. Kg1 Kc5 40. Rbb2
1/2-1/2

[Event "Mistrzostwa Polski Juniorow do lat 16 - Chlopcy"]
[Site "Jastrzebia Gora"]
[Date "1899-12-30"]
[Round "5.24"]
[White "Jaworski, Tymon"]
[Black "Murawski, Milosz"]
[Result "1-0"]
[WhiteTitle "I+"]
[BlackTitle "I"]
[WhiteElo "1825"]
[BlackElo "1691"]

1. e4 c5 2. Nf3 d6 3. d4 cxd4 4. Nxd4 Nf6 5. Nc3 Nc6 6. Be2 e6 7. O-O Be7 8. Be3
O-O 9. Qd2 a6 10. f3 d5 11. Rad1 Bc5 12. Nb3 Bxe3+ 13. Qxe3 Ne7 14. f4 Qc7 15.
e5 Nf5 16. Qf2 Nd7 17. Bd3 Nh6 18. Ne2 f5 19. h3 b5 20. Qh4 Qd8 21. Qxd8 Rxd8
22. Ned4 Re8 23. Ra1 Nb6 24. Nc5 Nf7 25. a4 bxa4 26. Nxa4 Nd7 27. Ra3 Nd8 28.
Rc3 Rb8 29. b3 Kf7 30. Ra1 g5 31. g3 gxf4 32. gxf4 Re7 33. Kf2 Ke8 34. Be2 Bb7
35. Rg1 Nf8 36. Bh5+ Nf7 37. Rg8 Rc8 38. Rcg3 Bc6 39. Nc5 Bd7 40. Nxa6 Bc6 41.
Nc5 Bd7 42. b4 Rc7 43. Rh8 1-0

[Event "Mistrzostwa Polski Juniorow do lat 16 - Chlopcy"]
[Site "Jastrzebia Gora"]
[Date "1899-12-30"]
[Round "6.1"]
[White "Klimkowski, Jan"]
[Black "Dziewonski, Dariusz"]
[Result "1-0"]
[WhiteTitle "FM"]
[BlackTitle "k"]
[WhiteElo "2481"]
[BlackElo "2237"]

1. d4 d5 2. c4 e6 3. Nc3 Nf6 4. cxd5 exd5 5. Bg5 Be7 6. e3 c6 7. Bd3 Nbd7 8. h3
O-O 9. Qc2 Re8 10. Bf4 Nf8 11. Nf3 Ng6 12. Bh2 Bd6 13. Bxd6 Qxd6 14. O-O-O b5
15. Kb1 a5 16. g4 Ba6 17. g5 Nd7 18. h4 b4 19. Na4 Bxd3 20. Qxd3 Ngf8 21. h5 Rec8
22. Ne5 Rab8 23. f4 Nxe5 24. dxe5 Qe7 25. Rc1 f6 26. gxf6 gxf6 27. Rhg1+ Kh8 28.
Qf5 fxe5 29. Nc5 e4 30. Rg2 1-0

[Event "Mistrzostwa Polski Juniorow do lat 16 - Chlopcy"]
[Site "Jastrzebia Gora"]
[Date "1899-12-30"]
[Round "6.2"]
[White "Fiszer, Bartosz"]
[Black "Janeczko, Jakub"]
[Result "1-0"]
[WhiteTitle "CM"]
[BlackTitle "I++"]
[WhiteElo "2232"]
[BlackElo "2221"]

1. e4 c5 2. Nf3 d6 3. d4 cxd4 4. Nxd4 Nf6 5. Nc3 a6 6. Rg1 e5 7. Nb3 Be6 8. g4
h6 9. Bd2 Nc6 10. Qf3 d5 11. exd5 Bxd5 12. Nxd5 Qxd5 13. Qe2 O-O-O 14. O-O-O Qe4
15. Qc4 Rd7 16. Be3 Rxd1+ 17. Kxd1 Bb4 18. Qxf7 Rd8+ 19. Kc1 Qf3 20. Qe6+ Kc7
21. Bg2 Qxg4 22. Qxg4 Nxg4 23. Bxc6 Nxe3 24. Bxb7 Nf5 25. Bxa6 g5 26. Bd3 Nh4
27. Be4 Rf8 28. Rf1 Rf4 29. Ba8 Be7 30. Nd2 g4 31. Ne4 Nf3 32. Kd1 h5 33. c3 h4
34. Rh1 Ng5 35. Nxg5 Rxf2 36. Ne6+ Kd6 37. Ng7 Bf8 38. Rg1 Bxg7 39. Rxg4 Bf6 40.
Rg2 Rf1+ 41. Kc2 h3 42. Rd2+ Kc7 43. Be4 Bg5 44. Re2 Kb6 45. b4 Bf4 46. a4 Ra1
47. Kb3 Rd1 48. Kc4 Ra1 49. a5+ Ka6 50. Bf5 Rh1 51. Bxh3 Bxh2 52. Bg2 Rg1 53.
Bb7+ Kxb7 54. Rxh2 Rg3 55. Re2 1-0